000 00286nam a22001337a 4500
008 170606b xxu||||| |||| 00| 0 eng d
020 _a9780072968880
041 _aeng
080 _214TH
_a32
100 _a18
101 _aSHP
245 _aTAKING SIDES
_cMCKENNA,G
942 _2udc
_cBK
999 _c16178
_d16178